00483nam a2200193 a 4500001001300000003000900013005001700022008004100039020002300080082001500103100002000118245002400138260003300162300000900195500003500204505001000239650002000249700002000269nice12345678IN_TiNIC20260116015003.0050524s1988 onta grp 000 0 eng  a0836118 c10000a261.8bSHE aShenk, Calvin E aWhen Kingdoms Clash aOntariobHerald Press c1988 a103p aincludes index and biblioraphy2 aIndex aTheology-Social1 aShenk, Calvin E